[Event "IECC Swiss-572.1"]
[Site "IECC email"]
[Date "2014.05.28"]
[Round "?"]
[White "Philips, Justin"]
[Black "Keiper, Archie"]
[Result "1-0"]
[WhiteElo "1901"]
[BlackElo "1809"]
[PlyCount "77"]
[EventDate "2014.??.??"]
[EventType "swiss (corr)"]
[EventRounds "1"]
[SourceTitle "Corr 2020"]
[Source "ChessBase"]
[SourceDate "2019.09.30"]
[SourceVersion "1"]
[SourceVersionDate "2019.09.30"]
[SourceQuality "1"]
[WhiteTeam "India"]
[BlackTeam "United States"]
[WhiteTeamCountry "IND"]
[BlackTeamCountry "USA"]

1. c4 Nf6 2. Nc3 g6 3. e4 Bg7 4. d4 d6 5. f3 0-0 6. Nge2 Nc6 7. Be3 Rb8 8. g4 h5 9. h3 e6 10. Qc2 Nd7 11. 0-0-0 Nb6 12. b3 h4 13. Bg2 d5 14. exd5 exd5 15. c5 Na8 16. Qd2 b5 17. Bg5 f6 18. Bxh4 b4 19. Na4 Qd7 20. Rhe1 Ba6 21. Nb2 Rfe8 22. Bf2 Kh7 23. Nf4 Qf7 24. h4 Bh6 25. Kb1 Kg8 26. Be3 Bg7 27. h5 g5 28. Ng6 Bc8 29. Qf2 Be6 30. Qg3 Qd7 31. Bf1 Nd8 32. Be2 Nf7 33. f4 gxf4 34. Bxf4 Ng5 35. Bxg5 fxg5 36. Nd3 c6 37. Nde5 Qc7 38. Rf1 Bh6 39. Bd3 1-0

[Event "IECC Swiss-566.3"]
[Site "IECC email"]
[Date "2014.02.18"]
[Round "?"]
[White "Philips, Justin"]
[Black "Heyvaert, Philippe"]
[Result "0-1"]
[WhiteElo "1756"]
[BlackElo "2224"]
[PlyCount "76"]
[EventDate "2014.??.??"]
[EventType "swiss (corr)"]
[EventRounds "1"]
[SourceTitle "Corr 2020"]
[Source "ChessBase"]
[SourceDate "2019.09.30"]
[SourceVersion "1"]
[SourceVersionDate "2019.09.30"]
[SourceQuality "1"]
[WhiteTeam "India"]
[BlackTeam "Belgium"]
[WhiteTeamCountry "IND"]
[BlackTeamCountry "BEL"]

1. Nf3 d5 2. d4 Bf5 3. c4 e6 4. Nc3 Nc6 5. a3 Nf6 6. Qb3 dxc4 7. Qxb7 Na5 8. Qb5+ c6 9. Qa4 Qb6 10. Nd2 Rd8 11. e3 Nb3 12. Nxb3 cxb3 13. Be2 Bc2 14. Bf3 Rc8 15. e4 Nd7 16. 0-0 e5 17. Be3 exd4 18. Bxd4 Nc5 19. Qc4 Bd3 20. Qxd3 Nxd3 21. Bxb6 axb6 22. Be2 Nc5 23. e5 g5 24. Bg4 Rc7 25. Rae1 h5 26. Bf5 Re7 27. g3 Kd8 28. f4 h4 29. Kg2 hxg3 30. hxg3 gxf4 31. gxf4 f6 32. exf6 Rf7 33. Ne4 Nxe4 34. Rxe4 Rxf6 35. Bg4 Kc7 36. Kg3 Bd6 37. Rd1 Rhf8 38. Rf1 Rh6 0-1

[Event "IECC CL3-2013.06 email"]
[Site "IECC email"]
[Date "2013.11.18"]
[Round "?"]
[White "Blackman, Leon"]
[Black "Philips, Justin"]
[Result "0-1"]
[WhiteElo "1810"]
[BlackElo "1927"]
[PlyCount "38"]
[EventDate "2013.??.??"]
[EventType "tourn (corr)"]
[EventRounds "4"]
[SourceTitle "Corr 2020"]
[Source "ChessBase"]
[SourceDate "2019.09.30"]
[SourceVersion "1"]
[SourceVersionDate "2019.09.30"]
[SourceQuality "1"]
[WhiteTeam "Australia"]
[BlackTeam "India"]
[WhiteTeamCountry "AUS"]
[BlackTeamCountry "IND"]

1. e4 g6 2. d4 Bg7 3. Nc3 d6 4. Be3 a6 5. f4 Nd7 6. Nf3 b5 7. a4 b4 8. Ne2 Bb7 9. Qd3 Ngf6 10. Ng3 c5 11. Be2 cxd4 12. Bxd4 0-0 13. 0-0 Rc8 14. a5 Nc5 15. Qc4 Ncxe4 16. Qxb4 Nxg3 17. hxg3 Qd7 18. Qb3 e5 19. Bd3 exd4 0-1

[Event "IECC O-3774"]
[Site "IECC email"]
[Date "2013.09.18"]
[Round "?"]
[White "Philips, Justin"]
[Black "Nouveau, Laurent"]
[Result "1-0"]
[WhiteElo "1908"]
[BlackElo "2075"]
[PlyCount "45"]
[EventDate "2013.??.??"]
[EventType "swiss (corr)"]
[EventRounds "2"]
[SourceTitle "Telechess CBM 165"]
[Source "ChessBase"]
[SourceDate "2015.03.11"]
[SourceVersion "1"]
[SourceVersionDate "2015.03.11"]
[SourceQuality "1"]
[WhiteTeam "India"]
[BlackTeam "France"]
[WhiteTeamCountry "IND"]
[BlackTeamCountry "FRA"]

1. d4 d5 2. c4 c6 3. Nc3 Nf6 4. Nf3 e6 5. e3 Nbd7 6. Bd3 dxc4 7. Bxc4 b5 8. Be2 Bb7 9. e4 b4 10. e5 bxc3 11. exf6 Nxf6 12. bxc3 Bd6 13. 0-0 0-0 14. Rb1 Qc7 15. Ne5 Rab8 16. Bd3 Ba8 17. f4 Rxb1 18. Bxb1 c5 19. Qe2 Nd5 20. Bd2 cxd4 21. cxd4 Rb8 22. Rc1 Nxf4 23. Bxf4 1-0

[Event "P-4854"]
[Site "IECC email"]
[Date "2013.09.12"]
[Round "?"]
[White "Philips, Justin"]
[Black "Bottoni, Carlo"]
[Result "1/2-1/2"]
[WhiteElo "1926"]
[BlackElo "1836"]
[PlyCount "67"]
[EventDate "2013.??.??"]
[EventType "tourn (corr)"]
[SourceTitle "Telechess CBM 165"]
[Source "ChessBase"]
[SourceDate "2015.03.11"]
[SourceVersion "1"]
[SourceVersionDate "2015.03.11"]
[SourceQuality "1"]
[WhiteTeam "India"]
[BlackTeam "Italy"]
[WhiteTeamCountry "IND"]
[BlackTeamCountry "ITA"]

1. Nf3 Nf6 2. c4 g6 3. Nc3 Bg7 4. e4 d6 5. d4 0-0 6. Be2 e5 7. d5 a5 8. Bg5 h6 9. Bh4 Na6 10. Nd2 Qe8 11. 0-0 Nh7 12. f3 Nf6 13. Nb3 a4 14. Nc1 Nc5 15. Bf2 Nh5 16. Bxc5 dxc5 17. Nd3 a3 18. Nxc5 axb2 19. Rb1 Qe7 20. Nd3 Nf4 21. Rxb2 Qg5 22. g3 Ra3 23. Qe1 f5 24. Rb3 Rxb3 25. axb3 Nxd3 26. Bxd3 f4 27. Kg2 fxg3 28. hxg3 Qh5 29. g4 Qg5 30. c5 h5 31. Bc4 hxg4 32. Qg3 Rf4 33. d6+ Kh7 34. Be2 1/2-1/2

[Event "IECC O-3749"]
[Site "IECC email"]
[Date "2013.07.31"]
[Round "?"]
[White "Martins, Karin"]
[Black "Philips, Justin"]
[Result "1/2-1/2"]
[WhiteElo "1941"]
[BlackElo "1921"]
[PlyCount "46"]
[EventDate "2013.??.??"]
[EventType "swiss (corr)"]
[EventRounds "2"]
[SourceTitle "Telechess CBM 165"]
[Source "ChessBase"]
[SourceDate "2015.03.11"]
[SourceVersion "1"]
[SourceVersionDate "2015.03.11"]
[SourceQuality "1"]
[WhiteTeam "Germany"]
[BlackTeam "India"]
[WhiteTeamCountry "GER"]
[BlackTeamCountry "IND"]

1. e4 e5 2. Nf3 Nc6 3. Bb5 Nf6 4. 0-0 Bc5 5. Nc3 0-0 6. Bc4 d6 7. h3 Nd4 8. Nxd4 exd4 9. Nd5 Nxd5 10. Bxd5 a5 11. a4 c6 12. Bc4 Qg5 13. d3 Qg6 14. Kh2 Be6 15. Bxe6 fxe6 16. Bd2 d5 17. e5 Kh8 18. Qg4 Qf7 19. Rae1 Qd7 20. Re2 b6 21. Ra1 Rf5 22. f3 Qc7 23. Kg1 Rb8 1/2-1/2

[Event "IECC CL3-2013.03 email"]
[Site "IECC email"]
[Date "2013.05.22"]
[Round "?"]
[White "Philips, Justin"]
[Black "Basson, Heinrich"]
[Result "1-0"]
[WhiteElo "1906"]
[BlackElo "1772"]
[PlyCount "59"]
[EventDate "2013.??.??"]
[EventType "tourn (corr)"]
[EventRounds "4"]
[SourceTitle "Telechess CBM 165"]
[Source "ChessBase"]
[SourceDate "2015.03.11"]
[SourceVersion "1"]
[SourceVersionDate "2015.03.11"]
[SourceQuality "1"]
[WhiteTeam "India"]
[BlackTeam "South Africa"]
[WhiteTeamCountry "IND"]
[BlackTeamCountry "RSA"]

1. d4 d5 2. c4 c6 3. Nf3 Nf6 4. e3 e6 5. Nbd2 Be7 6. Bd3 0-0 7. 0-0 Nbd7 8. Qc2 a6 9. a4 b6 10. Re1 Bb4 11. b3 Bb7 12. Ba3 Bxa3 13. Rxa3 c5 14. a5 Rc8 15. axb6 Qxb6 16. Qa2 Rfe8 17. Qa1 Ne4 18. Rd1 cxd4 19. exd4 Nxd2 20. Nxd2 Qc7 21. c5 Rb8 22. Bxa6 Nf6 23. Qc3 Bxa6 24. Rxa6 Qf4 25. g3 Qg4 26. Re1 Rec8 27. b4 Ne8 28. Nf3 Nc7 29. Ra5 f6 30. Qb3 1-0

[Event "IECC CL3-2013.03 email"]
[Site "IECC email"]
[Date "2013.05.22"]
[Round "?"]
[White "Philips, Justin"]
[Black "Blackman, Leon"]
[Result "1/2-1/2"]
[WhiteElo "1909"]
[BlackElo "1823"]
[PlyCount "46"]
[EventDate "2013.??.??"]
[EventType "tourn (corr)"]
[EventRounds "4"]
[SourceTitle "Telechess CBM 165"]
[Source "ChessBase"]
[SourceDate "2015.03.11"]
[SourceVersion "1"]
[SourceVersionDate "2015.03.11"]
[SourceQuality "1"]
[WhiteTeam "India"]
[BlackTeam "Australia"]
[WhiteTeamCountry "IND"]
[BlackTeamCountry "AUS"]

1. d4 d5 2. Nf3 c5 3. c4 e6 4. cxd5 exd5 5. Nc3 Nc6 6. g3 Nf6 7. Bg2 Be7 8. 0-0 0-0 9. Bg5 c4 10. Ne5 Be6 11. f4 Ng4 12. Nxg4 Bxg4 13. Bxd5 Bxg5 14. fxg5 Qxg5 15. Rf4 Rad8 16. Bxc6 bxc6 17. Qd2 Rfe8 18. e4 Be6 19. Qf2 Qa5 20. Rd1 Rd7 21. Rd2 Red8 22. h4 Qb6 23. e5 Qa5 1/2-1/2

[Event "IECC M1-2013.T028"]
[Site "IECC email"]
[Date "2013.03.04"]
[Round "?"]
[White "Philips, Justin"]
[Black "Von Rosenberg, Clemens"]
[Result "1-0"]
[WhiteElo "1870"]
[BlackElo "1007"]
[PlyCount "22"]
[EventDate "2013.??.??"]
[EventType "match (corr)"]
[EventRounds "2"]
[SourceTitle "Corr 2020"]
[Source "ChessBase"]
[SourceDate "2019.09.30"]
[SourceVersion "1"]
[SourceVersionDate "2019.09.30"]
[SourceQuality "1"]
[WhiteTeam "India"]
[BlackTeam "Germany"]
[WhiteTeamCountry "IND"]
[BlackTeamCountry "GER"]

1. Nf3 Nf6 2. c4 e6 3. e3 d5 4. cxd5 exd5 5. Be2 c6 6. b3 Be7 7. Bb2 0-0 8. 0-0 Re8 9. a3 Nbd7 10. Qc2 Bd6 11. d3 Qc7 1-0

[Event "IECC O-3579"]
[Site "IECC email"]
[Date "2013.01.31"]
[Round "?"]
[White "Holenweger, Roger"]
[Black "Philips, Justin"]
[Result "0-1"]
[WhiteElo "1700"]
[BlackElo "1870"]
[PlyCount "54"]
[EventDate "2013.??.??"]
[EventType "swiss (corr)"]
[EventRounds "2"]
[SourceTitle "Telechess CBM 165"]
[Source "ChessBase"]
[SourceDate "2015.03.11"]
[SourceVersion "1"]
[SourceVersionDate "2015.03.11"]
[SourceQuality "1"]
[WhiteTeam "Tailandia"]
[BlackTeam "India"]
[WhiteTeamCountry "THA"]
[BlackTeamCountry "IND"]

1. d4 d5 2. c4 e6 3. Nf3 Nf6 4. Nc3 Be7 5. Bf4 0-0 6. e3 Nbd7 7. cxd5 Nxd5 8. Nxd5 exd5 9. Bd3 c5 10. Qc2 g6 11. dxc5 Qa5+ 12. Nd2 Nxc5 13. 0-0 Nxd3 14. Qxd3 Bf5 15. Qd4 Qa6 16. Nf3 Rac8 17. Rac1 Rc4 18. Rxc4 dxc4 19. Bh6 Bf6 20. Qf4 Re8 21. e4 Bxe4 22. Re1 Qc6 23. Ng5 Bd5 24. Re3 Bxb2 25. Rxe8+ Qxe8 26. Nf3 Bxf3 27. gxf3 Qc8 0-1

[Event "IECC Swiss-558.4"]
[Site "IECC email"]
[Date "2013.01.11"]
[Round "?"]
[White "Philips, Justin"]
[Black "Basson, Heinrich"]
[Result "1/2-1/2"]
[WhiteElo "1909"]
[BlackElo "1775"]
[PlyCount "38"]
[EventDate "2013.??.??"]
[EventType "swiss (corr)"]
[EventRounds "1"]
[SourceTitle "Corr 2020"]
[Source "ChessBase"]
[SourceDate "2019.09.30"]
[SourceVersion "1"]
[SourceVersionDate "2019.09.30"]
[SourceQuality "1"]
[WhiteTeam "India"]
[BlackTeam "South Africa"]
[WhiteTeamCountry "IND"]
[BlackTeamCountry "RSA"]

1. e4 d5 2. d4 c6 3. e5 Bf5 4. Nf3 e6 5. c3 a6 6. a4 c5 7. a5 Nc6 8. Bd3 Bxd3 9. Qxd3 cxd4 10. cxd4 Nxa5 11. Bd2 Nc4 12. Bc3 Qb6 13. 0-0 Qb5 14. Rc1 Na3 15. Qf1 Qxf1+ 16. Kxf1 Nxb1 17. Rcxb1 Ne7 18. b4 b5 19. Ra2 Nc6 1/2-1/2

[Event "IECC Swiss-563.2"]
[Site "IECC email"]
[Date "2012.12.19"]
[Round "?"]
[White "Philips, Justin"]
[Black "Garau, Bernard"]
[Result "0-1"]
[WhiteElo "1917"]
[BlackElo "1576"]
[PlyCount "94"]
[EventDate "2012.??.??"]
[EventType "swiss (corr)"]
[EventRounds "1"]
[SourceTitle "Telechess CBM 165"]
[Source "ChessBase"]
[SourceDate "2015.03.11"]
[SourceVersion "1"]
[SourceVersionDate "2015.03.11"]
[SourceQuality "1"]
[WhiteTeam "India"]
[BlackTeam "France"]
[WhiteTeamCountry "IND"]
[BlackTeamCountry "FRA"]

1. e4 e6 2. c4 d5 3. cxd5 exd5 4. e5 c5 5. Bb5+ Nc6 6. Bxc6+ bxc6 7. Nf3 Ba6 8. Nc3 d4 9. Qa4 Qc8 10. Nd5 Bd3 11. Nf4 Bb5 12. Qd1 h6 13. Ne2 Ne7 14. a4 Ba6 15. 0-0 Ng6 16. Re1 Be7 17. d3 0-0 18. Ng3 Rb8 19. Re4 Qe6 20. Ra3 Rfd8 21. b3 Rd7 22. h4 Rdb7 23. h5 Nf8 24. Ne1 c4 25. bxc4 Bxa3 26. Bxa3 Rb1 27. Qd2 c5 28. Bxc5 R8b2 29. Qa5 Bb7 30. Bxd4 Bxe4 31. Bxb2 Bxd3 32. c5 Rxb2 33. Nxd3 Rb1+ 34. Kh2 Qc4 35. Qd8 Rb3 36. Ne1 Qxc5 37. Qd1 Ra3 38. Qd6 Qxd6 39. exd6 Rxa4 40. Nf5 Nd7 41. Nf3 a5 42. Nd2 Rb4 43. Ne3 a4 44. Ndc4 Kf8 45. Na3 Rb3 46. Nec2 Rc3 47. Kg1 Nb6 0-1

[Event "IECC CL4-2012.08 email"]
[Site "IECC email"]
[Date "2012.10.25"]
[Round "?"]
[White "Sorcinelli, Andrea"]
[Black "Philips, Justin"]
[Result "0-1"]
[WhiteElo "1674"]
[BlackElo "1860"]
[PlyCount "36"]
[EventDate "2012.??.??"]
[EventType "tourn (corr)"]
[EventRounds "4"]
[SourceTitle "Corr 2015"]
[Source "ChessBase"]
[SourceDate "2015.07.17"]
[SourceVersion "1"]
[SourceVersionDate "2015.07.17"]
[SourceQuality "1"]
[WhiteTeam "Italy"]
[BlackTeam "India"]
[WhiteTeamCountry "ITA"]
[BlackTeamCountry "IND"]

1. e4 d6 2. d4 g6 3. c4 Bg7 4. Nc3 Nf6 5. f3 0-0 6. Be3 Nfd7 7. Qd2 Na6 8. Bh6 c5 9. Bxg7 Kxg7 10. d5 Nb6 11. h4 h5 12. 0-0-0 e6 13. Bd3 Bd7 14. a3 Nc7 15. Kb1 Qe7 16. Nge2 a5 17. g4 hxg4 18. fxg4 exd5 0-1

[Event "IECC KO-3084"]
[Site "IECC email"]
[Date "2012.08.20"]
[Round "?"]
[White "Philips, Justin"]
[Black "Melo, Olavo"]
[Result "1-0"]
[WhiteElo "1829"]
[BlackElo "1609"]
[PlyCount "45"]
[EventDate "2012.??.??"]
[EventType "match (corr)"]
[EventRounds "2"]
[SourceTitle "Telechess CBM 165"]
[Source "ChessBase"]
[SourceDate "2015.03.11"]
[SourceVersion "1"]
[SourceVersionDate "2015.03.11"]
[SourceQuality "1"]
[WhiteTeam "India"]
[BlackTeam "Brazil"]
[WhiteTeamCountry "IND"]
[BlackTeamCountry "BRA"]

1. d4 Nf6 2. c4 g6 3. f3 c5 4. d5 b5 5. cxb5 a6 6. e4 d6 7. Nc3 Bg7 8. Bd3 axb5 9. Bxb5+ Bd7 10. Nge2 Qb6 11. a4 0-0 12. Be3 Bxb5 13. axb5 Nbd7 14. b4 Rfc8 15. 0-0 Ne8 16. Qd2 Nc7 17. bxc5 Nxc5 18. Nd4 Rxa1 19. Rxa1 Bf6 20. Nc6 Re8 21. e5 Bg7 22. Ra5 Qb7 23. Bxc5 1-0

[Event "IECC CL4-2012.04 email"]
[Site "IECC email"]
[Date "2012.07.09"]
[Round "?"]
[White "Hargreaves, John Richard"]
[Black "Philips, Justin"]
[Result "1-0"]
[WhiteElo "1767"]
[BlackElo "1848"]
[PlyCount "49"]
[EventDate "2012.??.??"]
[EventType "tourn (corr)"]
[EventRounds "4"]
[SourceTitle "Telechess CBM 165"]
[Source "ChessBase"]
[SourceDate "2015.03.11"]
[SourceVersion "1"]
[SourceVersionDate "2015.03.11"]
[SourceQuality "1"]
[WhiteTeam "England"]
[BlackTeam "India"]
[WhiteTeamCountry "ENG"]
[BlackTeamCountry "IND"]

1. c4 c5 2. Nf3 Nf6 3. Nc3 e6 4. e4 d6 5. d4 cxd4 6. Nxd4 Be7 7. Be2 Nc6 8. 0-0 Nxd4 9. Qxd4 0-0 10. Rd1 a6 11. e5 dxe5 12. Qxe5 Bd7 13. Qg3 Kh8 14. a3 Qb6 15. b4 Qa7 16. Bf4 Bc6 17. Be5 Rg8 18. Bd3 h6 19. b5 axb5 20. cxb5 Bd5 21. Nxd5 Nxd5 22. Qf3 f6 23. Bb2 Qa4 24. g3 Qb3 25. Rdb1 1-0